000 00274nam a22001217a 4500
008 180911b xxu||||| |||| 00| 0 eng d
041 _aeng
080 _a510
100 _a37
101 _aMAT
245 _aIntroductory Numerical Analysis
_cPettorezzo
942 _2udc
_cBK
999 _c47647
_d47647